LEADER 04236nam 2200661Ia 450 001 9910965712803321 005 20251116141110.0 010 $a9780309516396 010 $a0309516390 035 $a(CKB)110986584753004 035 $a(EBL)3564006 035 $a(SSID)ssj0000147478 035 $a(PQKBManifestationID)11144775 035 $a(PQKBTitleCode)TC0000147478 035 $a(PQKBWorkID)10012073 035 $a(PQKB)10777315 035 $a(Au-PeEL)EBL3564006 035 $a(CaPaEBR)ebr10038574 035 $a(OCoLC)932320315 035 $a(MiAaPQ)EBC3564006 035 $a(Perlego)4736443 035 $a(BIP)13402668 035 $a(BIP)12806251 035 $a(EXLCZ)99110986584753004 100 $a20001223d2000 uy 0 101 0 $aeng 135 $aurcn||||||||| 181 $ctxt 182 $cc 183 $acr 200 10$aEngineering challenges to the long-term operation of the International Space Station /$fCommittee on the Engineering Challenges to the Long-Term Operation of the International Space Station, Aeronautics and Space Engineering Board, Commission on Engineering and Technical Systems, National Research Council 205 $a1st ed. 210 $aWashington, D.C. $cNational Academy Press$dc2000 215 $a1 online resource (55 p.) 225 1 $aCompass series (Washington, D.C.) 300 $a"This study was supported by the National Aeronautics and Space Administration under contract No. NASW 4938"--P. [ii]. 311 08$a9780309069380 311 08$a0309069386 320 $aIncludes bibliographical references. 327 $a""Front Matter""; ""Preface""; ""Contents""; ""Executive Summary""; ""1 Introduction""; ""2 International Launch Vehicle Fleet""; ""3 Operations, Maintenance, and Reliability""; ""4 Extravehicular Activity, Robotics, and Supporting Technologies""; ""5 Equipment Upgrades, Software, and Communications""; ""6 End-of-Life Disposal""; ""Acronyms and Abbreviations"" 330 $aThe International Space Station (ISS) is truly an international undertaking. The project is being led by the United States, with the participation of Japan, the European Space Agency, Canada, Italy, Russia, and Brazil. Russia is participating in full partnership with the United States in the fabrication of ISS modules, the assembly of ISS elements on orbit, and, after assembly has been completed, the day-to-day operation of the station. Construction of the ISS began with the launch of the Russian Zarya module in November 1998 followed by the launch of the U.S. Unity module in December 1998. The two modules were mated and interconnected by the crew of the Space Shuttle during the December flight, and the first assembled element of the ISS was in place. Construction will continue with the delivery of components and assembly on orbit through a series of 46 planned flights. During the study period, the Assembly Complete milestone was scheduled for November 2004 with the final ISS construction flight delivering the U.S. Habitation Module. Engineering Challenges to the Long-Term Operation of the International Space Station is a study of the engineering challenges posed by longterm operation of the ISS. This report states that the National Aeronautics and Space Administration (NASA) and the ISS developers have focused almost totally on completing the design and development of the station and completing its assembly in orbit. This report addresses the issues and opportunities related to long-term operations. 410 0$aCompass series (Washington, D.C.) 606 $aSpace stations$xMaintenance and repair 606 $aMaintainability (Engineering) 606 $aService life (Engineering) 615 0$aSpace stations$xMaintenance and repair. 615 0$aMaintainability (Engineering) 615 0$aService life (Engineering) 676 $a629.44/2 712 02$aNational Research Council (U.S.).$bAeronautics and Space Engineering Board. 801 0$bMiAaPQ 801 1$bMiAaPQ 801 2$bMiAaPQ 906 $aBOOK 912 $a9910965712803321 996 $aEngineering challenges to the long-term operation of the International Space Station$94355403 997 $aUNINA 999 $aEBOOK LEADER 02239oas 2200877 a 450 001 9910145971803321 005 20260218111746.0 035 $a(DE-599)ZDB2494772-6 035 $a(OCoLC)335214840 035 $a(CONSER) 2010243417 035 $a(CKB)1000000000717878 035 $a(DE-599)2494772-6 035 $a(EXLCZ)991000000000717878 100 $a20081121a20099999 uy a 101 0 $aeng 135 $aurcn||||a|||| 181 $ctxt$2rdacontent 182 $cc$2rdamedia 183 $acr$2rdacarrier 200 00$aClinical epidemiology 210 $a[Auckland, N.Z.] $cDove Medical Press$dİ2009- 215 $a1 online resource 300 $aRefereed/Peer-reviewed 300 $aArchived by the National Library of New Zealand. 300 $aHypertext links contained in the archived instances of this title are non-functional.$5Nz 311 08$a1179-1349 531 1 $aClin. epidemiol. 531 10$aClin Epidemiol 606 $aEpidemiology$vPeriodicals 606 $aClinical epidemiology$vPeriodicals 606 $aEpidemiology 606 $aEpidemiology$2fast$3(OCoLC)fst00914091 606 $aClinical epidemiology$2fast$3(OCoLC)fst00864353 608 $aPeriodical. 608 $aFulltext. 608 $aInternet Resources. 608 $aPeriodicals. 608 $aPeriodicals.$2fast 615 0$aEpidemiology 615 0$aClinical epidemiology 615 12$aEpidemiology. 615 7$aEpidemiology 615 7$aClinical epidemiology. 676 $a614.405 801 0$bNZ1 801 1$bNZ1 801 2$bOCLCQ 801 2$bNLM 801 2$bOCLCQ 801 2$bOCLCO 801 2$bOCLCQ 801 2$bOCLCF 801 2$bCUS 801 2$bOCLCO 801 2$bOCL 801 2$bEUW 801 2$bOCLCO 801 2$bOCLCQ 801 2$bOCLCO 801 2$bOCLCQ 801 2$bCASUM 801 2$bOCLCO 801 2$bOCLCQ 801 2$bOCLCA 801 2$bOCLCO 801 2$bOCLCA 801 2$bOCLCQ 801 2$bOCLCA 801 2$bBWN 801 2$bOCLCQ 801 2$bIOY 801 2$bOCLCQ 906 $aJOURNAL 912 $a9910145971803321 996 $aClinical epidemiology$9228574 997 $aUNINA